| 000 | 00534nam a22001697a 4500 | ||
|---|---|---|---|
| 003 | CEME | ||
| 005 | 20210628202818.0 | ||
| 008 | 210204b xxu||||| |||| 00| 0 eng d | ||
| 040 | _c. | ||
| 082 | _a620.11 BEN'M | ||
| 100 |
_aWarnock, F. V Benham, P. P Crawford, R. J _961757 |
||
| 245 | _aMechanics of engineering materials, strength of materials in si units | ||
| 260 |
_aLONDON _bELBS-NBF _c1994 |
||
| 300 | _aXIX,626P | ||
| 650 |
_aMECHANICS OF ENGINEERING MATERIALS.STRENGTH OF MATERIALS IN SI UNITS _961758 |
||
| 942 |
_cBK _2ddc |
||
| 999 |
_c571098 _d571098 |
||